[Event "NED-ch U14"]
[Site "Almelo"]
[Date "2023.05.05"]
[Round "8"]
[White "Kazarjan, Gachatur"]
[Black "Roorda, Cas"]
[Result "1/2-1/2"]
[WhiteElo "1872"]
[BlackElo "1769"]
[PlyCount "53"]
[EventDate "2023.04.30"]
[EventType "swiss"]
[EventRounds "9"]
[EventCountry "NED"]
[SourceTitle "CBM 214 Extra"]
[Source "ChessBase"]
[SourceDate "2023.07.31"]
[SourceVersion "1"]
[SourceVersionDate "2023.07.31"]
[SourceQuality "1"]

1. b4 e6 2. Bb2 Nf6 3. b5 d5 4. e3 c5 5. Nf3 Bd6 6. c4 0-0 7. d4 Nbd7 8. Be2 dxc4 9. Bxc4 Qc7 10. Nbd2 a6 11. a4 axb5 12. axb5 Rxa1 13. Bxa1 b6 14. 0-0 Bb7 15. h3 Ne4 16. Qb3 Ndf6 17. Nxe4 Bxe4 18. Nd2 Bb7 19. Bd3 e5 20. Nc4 exd4 21. exd4 Bd5 22. Qc2 Bxc4 23. Qxc4 Re8 24. Qa4 cxd4 25. Bxd4 Nd5 26. Qb3 Nf4 27. Rd1 1/2-1/2

[Event "NED-ch U14"]
[Site "Almelo"]
[Date "2023.05.02"]
[Round "4"]
[White "Thijssen, Freek"]
[Black "Roorda, Cas"]
[Result "1/2-1/2"]
[WhiteElo "1644"]
[BlackElo "1769"]
[PlyCount "42"]
[EventDate "2023.04.30"]
[EventType "swiss"]
[EventRounds "9"]
[EventCountry "NED"]
[SourceTitle "CBM 214 Extra"]
[Source "ChessBase"]
[SourceDate "2023.07.31"]
[SourceVersion "1"]
[SourceVersionDate "2023.07.31"]
[SourceQuality "1"]

1. e4 e6 2. d4 d5 3. exd5 exd5 4. Nf3 Nf6 5. Bd3 c5 6. dxc5 Bxc5 7. 0-0 0-0 8. h3 h6 9. Nbd2 a6 10. Nb3 Ba7 11. Re1 Nc6 12. c3 b5 13. a3 Bb7 14. Be3 Bxe3 15. Rxe3 Qd6 16. Qd2 Rfe8 17. Rae1 Rxe3 18. Rxe3 Nh5 19. Nfd4 g6 20. Nxc6 Bxc6 21. Nd4 Bd7 1/2-1/2